<?xml version="1.0" encoding="UTF-8"?><?xml-stylesheet type="text/xsl" href="static/style.xsl"?><OAI-PMH xmlns="http://www.openarchives.org/OAI/2.0/" xmlns:xsi="http://www.w3.org/2001/XMLSchema-instance" xsi:schemaLocation="http://www.openarchives.org/OAI/2.0/ http://www.openarchives.org/OAI/2.0/OAI-PMH.xsd"><responseDate>2026-06-05T16:16:59Z</responseDate><request verb="GetRecord" identifier="oai:riuma.uma.es:10630/22623" metadataPrefix="marc">https://riuma.uma.es/rest/oai/request</request><GetRecord><record><header><identifier>oai:riuma.uma.es:10630/22623</identifier><datestamp>2026-02-03T12:27:41Z</datestamp><setSpec>com_10630_2254</setSpec><setSpec>col_10630_37959</setSpec></header><metadata><record xmlns="http://www.loc.gov/MARC21/slim" xmlns:dcterms="http://purl.org/dc/terms/" xmlns:doc="http://www.lyncode.com/xoai" xmlns:xsi="http://www.w3.org/2001/XMLSchema-instance" xsi:schemaLocation="http://www.loc.gov/MARC21/slim http://www.loc.gov/standards/marcxml/schema/MARC21slim.xsd">
   <leader>00925njm 22002777a 4500</leader>
   <datafield ind2=" " ind1=" " tag="042">
      <subfield code="a">dc</subfield>
   </datafield>
   <datafield ind2=" " ind1=" " tag="720">
      <subfield code="a">Bermudo-Gamboa, Carolina</subfield>
      <subfield code="e">author</subfield>
   </datafield>
   <datafield ind2=" " ind1=" " tag="720">
      <subfield code="a">Trujillo-Vilches, Francisco Javier</subfield>
      <subfield code="e">author</subfield>
   </datafield>
   <datafield ind2=" " ind1=" " tag="720">
      <subfield code="a">Martin-Bejar, Sergio</subfield>
      <subfield code="e">author</subfield>
   </datafield>
   <datafield ind2=" " ind1=" " tag="720">
      <subfield code="a">Herrera-Fernández, Manuel José</subfield>
      <subfield code="e">author</subfield>
   </datafield>
   <datafield ind2=" " ind1=" " tag="720">
      <subfield code="a">Sevilla-Hurtado, Lorenzo</subfield>
      <subfield code="e">author</subfield>
   </datafield>
   <datafield ind2=" " ind1=" " tag="260">
      <subfield code="c">2021-06-25</subfield>
   </datafield>
   <datafield ind2=" " ind1=" " tag="520">
      <subfield code="a">Due to the great technological growth, 3D printing is becoming of great relevance within the automotive, aerospace and even medicine sectors. With this manufacturing method, parts with a complex geometry can be manufacture with considerable time and material savings compared to traditional processes such as machining. However, additive manufacturing processes still have a series of unresolved problems. Present work makes a comparison between AISI 316-L samples obtained by Selective Laser Melting technique and Dry Machining. The comparison is focus in properties mainly relevant in the industrial sectors highlighted. Macro and microgeometrical deviations, such as roughness, roundness and straightness are obtained in each case study and compared. Results show that, although for the printed samples the material deposition direction plays a fundamental role, being the horizontal samples the ones with better results due to the direction of the layers, the machining process is the one with significant better results compared to the 3D printing process. After the macro and microgeometrical deviations measurements, all samples were subjected to a rotational bending fatigue test for a mechanical behaviour study. As expected, the mechanized specimens have a better fatigue behaviour due to the better surface finish, among other aspects. Between the additive manufactured specimens, the vertical is the one that presents a better behaviour due to the transverse orientation of the deposited layers</subfield>
   </datafield>
   <datafield ind1="8" ind2=" " tag="024">
      <subfield code="a">https://hdl.handle.net/10630/22623</subfield>
   </datafield>
   <datafield tag="653" ind2=" " ind1=" ">
      <subfield code="a">Fatiga (Materiales)</subfield>
   </datafield>
   <datafield ind2="0" ind1="0" tag="245">
      <subfield code="a">Fatigue behaviour analysis of AISI 316-L parts obtained by machining process and additive manufacturing</subfield>
   </datafield>
</record>
</metadata></record></GetRecord></OAI-PMH>